LEADER 01143nam 2200385 450 001 990000854720203316 010 $a3-7643-5055-X 035 $a0085472 035 $aUSA010085472 035 $a(ALEPH)000085472USA01 035 $a0085472 100 $a20020108d1997----km-y0itay0103----ba 101 $aeng 102 $aDE 105 $a||||||||001yy 200 1 $aProgress in inverse spectral geometry$fStig I Anderson, Michel L. Lapidus editors 210 $aBasel$cBirkhäuser$dc1997 215 $a196 p.$d24 cm 225 2 $aTrends in mathematics 410 $12001$aTrends in mathematics 461 1$1001-------$12001 606 0 $aSpazio $xEquazioni differenziali 676 $a516.362 702 1$aANDERSON,$bStig I. 702 1$aLAPIDUS,$bMochel Laurent 801 0$aIT$bsalbc$gISBD 912 $a990000854720203316 951 $a516.362 PRO$b10727 ING$c516.362 959 $aBK 969 $aTEC 979 $aPATTY$b90$c20020108$lUSA01$h1633 979 $c20020403$lUSA01$h1730 979 $aPATRY$b90$c20040406$lUSA01$h1659 996 $aProgress in inverse spectral geometry$9968523 997 $aUNISA LEADER 01128cam--2200361---450- 001 990002435510203316 005 20140224141049.0 010 $a88-250-1048-6 035 $a000243551 035 $aUSA01000243551 035 $a(ALEPH)000243551USA01 035 $a000243551 100 $a20050614d2002----km-y0itay50------ba 101 0 $aita 102 $aIT 105 $ay|||||||001yy 200 1 $a<> penna inquieta$elettere scelte$fdi Elisa Salerno$ga cura del Centro documentazione e studi Presenza donna 210 $aPadova$cMessaggero$d2002 215 $a383 p.$d21 cm 676 $a305.42092 700 1$aSALERNO,$bElisa$0573194 712 02$aCentro documentazione e studi Presenza donna 801 0$aIT$bsalbc$gISBD 912 $a990002435510203316 951 $aII.5. 7743(V 7 B 134)$b2441 DSSS$cII.5.$d00352666 959 $aBK 969 $aUMA 979 $aDSSS$b10$c20050614$lUSA01$h1425 979 $aANNAMARIA$b90$c20140224$lUSA01$h1139 979 $aANNAMARIA$b90$c20140224$lUSA01$h1143 979 $aANNAMARIA$b90$c20140224$lUSA01$h1410 996 $aPenna inquieta$91055872 997 $aUNISA